00613 2200193 4500001002100000005001500021035002000036245011200056100001000168250001800178300005000196856002400246700005400270260003600324082001100360084001700371020001800388650001300406INLIS00000000114831520260429025254 a0010-04260001601 aUNTUK KAMU YANG MALAS DAN SUKA MENUNDA /cPenulis: Noura, Tata Letak: Werdiantoro, Rancang Sampul: Tikaahzs0 aNoura aCetakan Kedua aviii + 170 halaman :b- ;c13 x 19 cmeKertas aPerpustakaan Khusus0 aTata Letak: Werdiantoro, Rancang Sampul: Tikaahzs aYogyakarta :bYash Media,c2025 a155.25 a155.25 NOU u a9786231001092 4aMOTIVASI